000 01258cam a22003497a 4500
999 _c927
_d927
001 12895575
003 GZU
005 20200916115132.0
008 020815s2003 enka b 001 0 eng d
010 _a 2002111617
015 _aGBA3-Z9616
016 7 _a0761967605
_2Uk
020 _a0761967605 :
_c£60.00
020 _a0761967613 (pbk.) :
_c£18.99
035 _a(DLC)12895575
040 _aStDuBDS
_cStDuBDS
_dUk
_dDLC
042 _alccopycat
050 0 0 _aG155.A1
_bFRA 2003
082 0 4 _a338.4791
_221
100 1 _aFranklin, Adrian.
245 1 0 _aTourism :
_ban introduction /
_cAdrian Franklin.
260 _aLondon ;
_aThousand Oaks, Calif. :
_bSage Publications,
_c2003.
300 _a296 p. :
_bill. ;
_c25 cm.
504 _aIncludes bibliographical references (p. [281]-291) and index.
650 0 _aTourism.
856 4 2 _3Publisher description
_uhttp://www.loc.gov/catdir/enhancements/fy0657/2002111617-d.html
856 4 1 _3Table of contents only
_uhttp://www.loc.gov/catdir/enhancements/fy0657/2002111617-t.html
906 _a7
_bcbc
_ccopycat
_d3
_encip
_f20
_gy-gencatlg
942 _2lcc
_cBK
_h155.A1
_iFRA
_k2003